Detalles MARC
| 000 -LEADER |
| campo de control de longitud fija |
03742cam a22005414i 4500 |
| 003 - IDENTIFICADOR DE NÚMERO DE CONTROL |
| campo de control |
PE-LiUPU |
| 005 - FECHA Y HORA DE LA ÚLTIMA TRANSACCIÓN |
| campo de control |
20250731173048.0 |
| 008 - DATOS DE LONGITUD FIJA--INFORMACIÓN GENERAL |
| campo de control de longitud fija |
090217s2009 kyua rb 001 0 eng |
| 020 ## - NÚMERO INTERNACIONAL ESTÁNDAR DEL LIBRO |
| Número Internacional Estándar del Libro |
0664233201 |
| 020 ## - NÚMERO INTERNACIONAL ESTÁNDAR DEL LIBRO |
| Número Internacional Estándar del Libro |
9780664233204 |
| 035 ## - NÚMERO DE CONTROL DEL SISTEMA |
| Número de control de sistema |
(Sirsi) i9780664233204 |
| 035 ## - NÚMERO DE CONTROL DEL SISTEMA |
| Número de control de sistema |
(OCoLC)308214850 |
| 040 ## - FUENTE DE CATALOGACIÓN |
| Centro catalogador/agencia de origen |
DLC |
| Lengua de catalogación |
spa |
| Centro/agencia transcriptor |
DLC |
| Centro/agencia modificador |
BTCTA |
| -- |
YDXCP |
| -- |
C#P |
| -- |
CDX |
| -- |
CUK |
| -- |
UKMGB |
| -- |
BDX |
| -- |
OCLCF |
| -- |
P4I |
| -- |
S3O |
| -- |
OCLCQ |
| -- |
PE-LiUPU |
| 049 ## - FONDOS LOCALES (OCLC) |
| Biblioteca depositaria |
PRUA |
| 050 00 - SIGNATURA TOPOGRÁFICA DE LA BIBLIOTECA DEL CONGRESO |
| Número de clasificación |
BL2525 |
| Número de ítem |
.W67 2009 |
| 082 00 - NÚMERO DE LA CLASIFICACIÓN DECIMAL DEWEY |
| Número de clasificación |
200.973 |
| Cutter |
W8 |
| Número de edición |
22 |
| 245 00 - MENCIÓN DEL TÍTULO |
| Título |
World religions in America : |
| Resto del título |
an introduction / |
| Mención de responsabilidad, etc. |
Jacob Neusner, editor. |
| 250 ## - MENCION DE EDICION |
| Mención de edición |
4th ed. |
| 264 #1 - PRODUCCIÓN, PUBLICACIÓN, DISTRIBUCIÓN, FABRICACIÓN Y COPYRIGHT |
| Producción, publicación, distribución, fabricación y copyright |
Louisville, Kentucky : |
| Nombre del de productor, editor, distribuidor, fabricante |
Westminster John Knox Press, |
| Fecha de producción, publicación, distribución, fabricación o copyright |
2009. |
| 300 ## - DESCRIPCIÓN FÍSICA |
| Extensión |
x, 449 páginas : |
| Otras características físicas |
Ilustraciones ; |
| Dimensiones |
26 centímetros |
| 336 ## - TIPO DE CONTENIDO |
| Término de tipo de contenido |
text |
| Fuente |
rdacontent |
| 337 ## - TIPO DE MEDIO |
| Nombre/término del tipo de medio |
unmediated |
| Fuente |
rdamedia |
| 338 ## - TIPO DE SOPORTE |
| Nombre/término del tipo de soporte |
volume |
| Fuente |
rdacarrier |
| 504 ## - NOTA DE BIBLIOGRAFÍA, ETC. |
| Nota de bibliografía, etc. |
Bibliografía en el contenido. |
| 504 ## - NOTA DE BIBLIOGRAFÍA, ETC. |
| Nota de bibliografía, etc. |
Índice : páginas 433-449. |
| 505 0# - NOTA DE CONTENIDO CON FORMATO |
| Nota de contenido con formato |
Introduction / Jacob Neusner -- In the beginning -- Native Americans and their religions / Sam Gill -- Christian foundations of American religions -- Protestant Christianity in the world and in America / Martin E. Marty -- The religious world of African Americans / Peter J. Paris -- The Catholics in the world and in America / Andrew M. Greeley and Paul Murray -- The religious world of Latino/a-Hispanic Americans / Justo L. González and Carlos F. Cardoza-Orlandi -- Orthodox Christianity in the world and in America / Jaroslav Pelikan and John McGuckin -- Other monotheistic traditions in America -- Judaism in the world and in America / Jacob Neusner -- Islam in the world and in America / John L. Esposito -- The Bahá'í Faith in the world and in America / Mike McMullen -- More recent arrivals -- Hinduism in India and in America / Gerald James Larson -- Buddhism in the world and in America / Malcolm David Eckel -- East Asian religions in today's America / Robert S. Ellwood and Mark A. Csikszentmihalyi -- Made (or re-made) in the U.S.A -- World religions made in the U.S.A. : apocalyptic communities : Seventh-day Adventists and Jehovah's Witnesses / Dell deChant -- World religions made in the U.S.A. : metaphysical communities : Christian Science and theosophy / Dell deChant -- New thought : a quintessentially American religion / Dell deChant -- The Church of Scientology : a very new American religion / Dell deChant and Danny L. Jorgensen -- Nature religions : American neopaganism and witchcraft / Danny L. Jorgensen -- The Latter-day Saint (Mormon) religion in America and the world / Danny L. Jorgensen -- The Unification Church / George D. Chryssides -- Issues in American religion -- Religion and women in America / Eleanor J. Stebner -- Religion and politics in America / Andrew M. Greeley and Fred Frohock with Esben Gerhauge -- Religion and society in America / William Scott Green. |
| 526 ## - NOTA DE INFORMACIÓN SOBRE EL PROGRAMA DE ESTUDIO |
| Nombre del programa |
Segunda Especialidad En Profecías Bíblicas |
| 526 ## - NOTA DE INFORMACIÓN SOBRE EL PROGRAMA DE ESTUDIO |
| Nombre del programa |
Segunda Especialidad En Nuevo Testamento |
| 526 ## - NOTA DE INFORMACIÓN SOBRE EL PROGRAMA DE ESTUDIO |
| Nombre del programa |
Segunda Especialidad En Antiguo Testamento |
| 526 ## - NOTA DE INFORMACIÓN SOBRE EL PROGRAMA DE ESTUDIO |
| Nombre del programa |
Segunda Especialidad En Estudios Adventistas |
| 526 ## - NOTA DE INFORMACIÓN SOBRE EL PROGRAMA DE ESTUDIO |
| Nombre del programa |
Doctorado en teología |
| 526 ## - NOTA DE INFORMACIÓN SOBRE EL PROGRAMA DE ESTUDIO |
| Nombre del programa |
Maestría en teología histórica |
| 526 ## - NOTA DE INFORMACIÓN SOBRE EL PROGRAMA DE ESTUDIO |
| Nombre del programa |
Maestría en teología bíblica |
| 526 ## - NOTA DE INFORMACIÓN SOBRE EL PROGRAMA DE ESTUDIO |
| Nombre del programa |
Maestría en teología |
| 526 ## - NOTA DE INFORMACIÓN SOBRE EL PROGRAMA DE ESTUDIO |
| Nombre del programa |
Maestría en misionología |
| 526 ## - NOTA DE INFORMACIÓN SOBRE EL PROGRAMA DE ESTUDIO |
| Nombre del programa |
Maestría en liderazgo eclesiástico |
| 526 ## - NOTA DE INFORMACIÓN SOBRE EL PROGRAMA DE ESTUDIO |
| Nombre del programa |
Teología |
| 596 ## - |
| -- |
1 |
| 651 #0 - PUNTO DE ACCESO ADICIONAL DE MATERIA--NOMBRE GEOGRÁFICO |
| Nombre geográfico |
Estados Unidos |
| Subdivisión general |
Religión. |
| 651 #0 - PUNTO DE ACCESO ADICIONAL DE MATERIA--NOMBRE GEOGRÁFICO |
| Nombre geográfico |
United States |
| Subdivisión general |
Religion. |
| 700 1# - ENTRADA AGREGADA--NOMBRE PERSONAL |
| Nombre de persona |
Neusner, Jacob, |
| Fechas asociadas al nombre |
1932-2016. |
| 910 ## - DATOS DE OPCIÓN DEL USUARIO (OCLC) |
| Datos de opción del usuario |
dbm |
| -- |
ebj |
| -- |
ebj |
| -- |
20171227 |
| 942 ## - ELEMENTOS DE ENTRADA SECUNDARIOS (KOHA) |
| Fuente del sistema de clasificación o colocación |
Clasificación Decimal Dewey |
| Tipo de ítem Koha |
|
| 949 ## - PROCESAMIENTO DE INFORMACIÓN LOCAL (OCLC) |
| a |
200.973 W8 |
| w |
DEWEY |
| c |
1 |
| i |
77847 |
| l |
CATALOGING |
| m |
BUL |
| p |
33.25 |
| r |
0 |
| s |
Y |
| t |
BOOK |
| u |
2017-12-27 |
| x |
POSGRADO |
| -- |
P85 |
| 0 |
DONACION |
| o |
.STAFF. Colección Teología. |
| 994 ## - |
| -- |
C0 |
| -- |
PEPRU |
| 999 ## - NÚMEROS DE CONTROL DE SISTEMA (KOHA) |
| -- |
DEWEY |
| -- |
77847 |
| -- |
2021-11-9 |
| -- |
4 |
| -- |
CCODEBUL1 |
| -- |
BUL |
| -- |
33.25 |
| -- |
0 |
| -- |
Y |
| -- |
BOOK |
| -- |
2017-12-27 |
| -- |
TEOLOGIA |
| -- |
P85 |
| -- |
COMPRA |
| -- |
.STAFF. Colección Teología. |
| 980 ## - EQUIVALENCIA O REFERENCIA-CRUZADA-MENCIÓN DE SERIE--NOMBRE DE PERSONA/TÍTULO [LOCAL, CANADÁ] |
| ID del último usuario que modificó el registro |
1 |
| Nombre del último usuario que modificó el registro |
ALBERTO SANCHEZ Responsable de Automatización |